Normal view
MARC view
- OPERATING SYSTEMS-WINDOWS 2000 WINDOWS MILLENNIUM EDITION0-672-31937-3
Entry Topical Term
001 - CONTROL NUMBER
- control field: 80607
003 - CONTROL NUMBER IDENTIFIER
- control field: NUST
005 - DATE AND TIME OF LATEST TRANSACTION
- control field: 20210628210711.0
008 - FIXED-LENGTH DATA ELEMENTS
- fixed length control field: 210628|| aca||aabn | a|a d
040 ## - CATALOGING SOURCE
- Original cataloging agency: NUST
- Transcribing agency: NUST
150 ## - HEADING--TOPICAL TERM
- Topical term or geographic name entry element: OPERATING SYSTEMS-WINDOWS 2000 WINDOWS MILLENNIUM EDITION0-672-31937-3
670 ## - SOURCE DATA FOUND
- Source citation: Work cat.: (NUST): Hergert, Douglas.A 80606, How to use windows me visually in full color, 2000
